00492nam a22001337a 4500082001400000100002800014245006700042260003800109300000700147650003000154942000900184952014800193999001700341 a297.4 BON aBonigala, Gnana Manohar aContribution of Baba Sharafuddin in Building Religious Harmony aHyderabadbHenry Martyn Institute a88 aSufism-Saints-Sharafuddin cTHES 00104070aHMIbHMIcGENd2018-07-18eBonigala Gnana Manohar (M.Th. student 2018)g200.00l0o297.4 BONp11-3685r2018-07-18w2018-07-18yTHES c21218d21218